000 00485nam a2200157 i 4500
001 89417
003 ES-MaACL
005 20230906180151.0
007 t|
008 050110s1964 sp ||||1| baq d
100 1 _aLarzabal, Piarres.
_970384
245 1 0 _aSempere-n gertatua Lepurdike eta Gipuzkoako euskeraz
_b: (Gipuzkoakoa Aita Luis Villasante-K moldatua) /
_cPiarres Larzabal.
260 _aTolosa :
_bAuspoa,
_c1964.
300 _a138 p. ;
_c18 cm.
852 _aES-MaACL
_jC-25512
999 _c89417
_d89417